Nothing wrong with Africa (Record no. 78839)

MARC details
000 -LEADER
fixed length control field 00795nam a2200205 a 4500
008 - FIXED-LENGTH DATA ELEMENTS--GENERAL INFORMATION
fixed length control field 120416s1992 ||||||||||||||||| || u
020 ## - INTERNATIONAL STANDARD BOOK NUMBER
International Standard Book Number 0706959515
050 ## - LIBRARY OF CONGRESS CALL NUMBER
Classification number HC 59.7 Chi
100 ## - MAIN ENTRY--PERSONAL NAME
Personal name Chileshe, Jonathan H
245 10 - TITLE STATEMENT
Title Nothing wrong with Africa
246 ## -
-- except...
250 ## - EDITION STATEMENT
Edition statement 2nd. rev.
260 ## - PUBLICATION, DISTRIBUTION, ETC.
Place of publication, distribution, etc. New Delhi
Name of publisher, distributor, etc. Vikas Publishing House
Date of publication, distribution, etc. 1992
300 ## - PHYSICAL DESCRIPTION
Extent xxv, 326p. : ill.
350 ## -
-- 0.00
650 #0 - SUBJECT ADDED ENTRY--TOPICAL TERM
Topical term or geographic name entry element ECONOMICS
650 ## - SUBJECT ADDED ENTRY--TOPICAL TERM
Topical term or geographic name entry element AFRICA--ECONOMIC ASPECTS--DEVELOPMENT
995 ## -
-- SPECIAL COLLECTIONS
-- 0.00
-- 724210
-- CBU-MAIN LIBRARY (Kitwe)
-- 1
-- 2100.00
-- ZAM HC 59.7 Chi
-- AVAILABLE
-- 018591
-- Zambiana Collection
995 ## -
-- MAIN LIBRARY OPEN ACCESS
-- 0.00
-- 724209
-- CBU-MAIN LIBRARY (Kitwe)
-- 2
-- 2100.00
-- HC 59.7 Chi
-- 1
-- AVAILABLE
-- 002061
-- Main Library Open Access Collection
999 ## -
-- 78839
-- 78839
Holdings
Withdrawn status Lost status Source of classification or shelving scheme Damaged status Not for loan Permanent Location Current Location Shelving location Date acquired Total Checkouts Full call number Barcode Date last seen Copy number Price effective from Koha item type
          CBU-MAIN LIBRARY, KITWE. CBU-MAIN LIBRARY, KITWE.   06/06/2023   ZAM HC 59.7 Chi 018591 06/06/2023 1 06/06/2023 SPECIAL COLLECTION
          CBU-MAIN LIBRARY, KITWE. CBU-MAIN LIBRARY, KITWE.   06/06/2023   HC 59.7 Chi 002061 06/06/2023 2 06/06/2023 MONOGRAPH